[Event "International Championship of Central S"]
[Site "Paracin"]
[Date "2014.07.05"]
[Round "2.27"]
[White "Miljkovic, Jovana"]
[Black "Petrovic, Milan M"]
[Result "1/2-1/2"]
[WhiteElo "1674"]
[BlackElo "1953"]
[PlyCount "162"]
[EventDate "2014.07.04"]

1. d4 d5 2. c4 e5 3. dxe5 d4 4. Nf3 Nc6 5. a3 a5 6. e3 Bc5 7. exd4 Bxd4 8. Be2
Nge7 9. O-O O-O 10. Nxd4 Qxd4 11. Nc3 Rd8 12. Bg5 Qxe5 13. Qc1 Nd4 14. Qe3 Qxe3
15. fxe3 Nxe2+ 16. Nxe2 f6 17. Bf4 Rd2 18. Nd4 c5 19. Nb3 Rxb2 20. Nxc5 b6 21.
Na4 Rb3 22. Rfb1 Rxb1+ 23. Rxb1 Bf5 24. Rxb6 Bc2 25. Nc3 Rc8 26. Rb8 Rxb8 27.
Bxb8 Kf7 28. Kf2 Ke6 29. Nb5 Bd3 30. Nd4+ Kd7 31. c5 Nc6 32. Nxc6 Kxc6 33. Bd6
Kb5 34. Kf3 f5 35. Kf4 Be4 36. g4 g6 37. gxf5 gxf5 38. Kg5 Kc6 39. Kh6 Kb5 40.
h4 Ka4 41. c6 Bxc6 42. Kxh7 Be8 43. Kh6 Kb5 44. Kg5 Kc6 45. Bf8 Kd5 46. Kxf5
Bd7+ 47. Kg5 Ke6 48. h5 Kf7 49. Bc5 Bc6 50. h6 Be4 51. Kf4 Bc2 52. e4 a4 53.
Kf5 Bd3 54. Bd6 Bc2 55. Bc5 Bd3 56. Bd4 Kg8 57. Ke5 Kh7 58. Be3 Bc2 59. Kd5 Kg6
60. e5 Kf7 61. Kd6 Bf5 62. Bd2 Bg4 63. Bc3 Kg6 64. Bd2 Kf7 65. Be3 Bf5 66. Bg5
Bg4 67. Bf6 Bf5 68. Bg7 Bg4 69. Bf6 Bf5 70. e6+ Kxf6 71. e7 Bg6 72. Kd7 Bf7 73.
e8=Q Bxe8+ 74. Kxe8 Kg6 75. Kd7 Kxh6 76. Kc6 Kg7 77. Kb5 Kf7 78. Kxa4 Ke7 79.
Kb5 Kd7 80. Kb6 Kc8 81. Ka7 Kc7 1/2-1/2

[Event "International Championship of Central S"]
[Site "Paracin"]
[Date "2014.07.05"]
[Round "2.28"]
[White "Tosic, Dragoljub"]
[Black "Mijajlovic, Jovan"]
[Result "1/2-1/2"]
[WhiteElo "1952"]
[BlackElo "1602"]
[PlyCount "89"]
[EventDate "2014.07.04"]

1. d4 Nf6 2. Nf3 e6 3. g3 b5 4. Bg2 Bb7 5. O-O c5 6. c4 bxc4 7. Qa4 Qb6 8. Qxc4
d5 9. Qa4+ Nc6 10. Rd1 cxd4 11. Nxd4 Bc5 12. e3 O-O 13. Nc3 Rfd8 14. Nb3 Be7
15. Bd2 e5 16. Be1 d4 17. exd4 exd4 18. Ne2 d3 19. Nf4 Ne5 20. Ba5 Qa6 21. Bxb7
Qxb7 22. Nd2 Rdc8 23. Bc3 Nfd7 24. Qe4 Qxe4 25. Nxe4 f5 26. Nd2 g5 27. Nd5 Bc5
28. Nb3 Kf7 29. Re1 Nf3+ 30. Kf1 Nxe1 31. Bxe1 Nb6 32. Nxc5 Rxc5 33. Nxb6 axb6
34. Bc3 Re8 35. Rd1 Rd5 36. Re1 Rxe1+ 37. Kxe1 g4 38. Kd2 Ke6 39. Ke3 Kd6 40.
Bb4+ Kc6 41. a4 Kd7 42. Bc3 Kd6 43. b4 Ke6 44. Bd2 Rd7 45. Bc3 {unreadable}
1/2-1/2

[Event "International Championship of Central S"]
[Site "Paracin"]
[Date "2014.07.05"]
[Round "2.29"]
[White "Babic, Tijana"]
[Black "Trifunovic, Borisav"]
[Result "0-1"]
[WhiteElo "1611"]
[BlackElo "1951"]
[PlyCount "86"]
[EventDate "2014.07.04"]

1. c4 Nf6 2. Nc3 e6 3. g3 Bb4 4. Bg2 O-O 5. Nf3 d5 6. cxd5 exd5 7. O-O d4 8.
Nb5 Nc6 9. d3 a6 10. Na3 Be6 11. Bf4 Nd5 12. Be5 Nxe5 13. Nxe5 Bxa3 14. bxa3
Nc3 15. Qc2 Qd6 16. Nf3 c5 17. Rfc1 Rac8 18. e3 b5 19. Qd2 Rfd8 20. Rc2 Bg4 21.
Ng5 Qf6 22. exd4 Ne2+ 23. Kf1 Nxd4 24. Ne4 Qe5 25. Rcc1 Be2+ 26. Kg1 Nf3+ 27.
Bxf3 Bxf3 28. Qe3 Bxe4 29. dxe4 Rd4 30. Re1 Re8 31. Rac1 c4 32. Rcd1 Rxd1 33.
Rxd1 g6 34. Qa7 c3 35. Qxa6 c2 36. Rc1 Qxe4 37. Qxb5 Rd8 38. Qf1 Rd2 39. a4 Qd4
40. Kg2 Rd1 41. Rxc2 Rxf1 42. Rc8+ Kg7 43. Kxf1 Qd1+ 0-1

[Event "International Championship of Central S"]
[Site "Paracin"]
[Date "2014.07.05"]
[Round "2.30"]
[White "Zivanovic, Blagoje"]
[Black "Jankovic, Moma"]
[Result "1-0"]
[WhiteElo "1931"]
[BlackElo "1479"]
[PlyCount "73"]
[EventDate "2014.07.04"]

1. e4 e6 2. d4 c5 3. Nf3 cxd4 4. Nxd4 Nc6 5. Nb5 a6 6. Nd6+ Bxd6 7. Qxd6 Qe7 8.
Qg3 Qf6 9. Nc3 d6 10. Qxd6 Nge7 11. Qf4 Qxf4 12. Bxf4 e5 13. Be3 Be6 14. Na4
O-O 15. Nc5 Bc8 16. c3 Rd8 17. Bc4 b6 18. Nb3 b5 19. Be2 Rd6 20. O-O Rg6 21.
Rfd1 Bh3 22. g3 f5 23. Bh5 Re6 24. Nc5 Rf6 25. Bg5 Rff8 26. Nd7 Rfd8 27. Bxe7
Nxe7 28. exf5 e4 29. f6 g6 30. Nb6 Nc6 31. Nxa8 Rxa8 32. Be2 Rf8 33. Rd6 Nb8
34. Rad1 Kf7 35. a4 bxa4 36. Bc4+ Ke8 37. Rd8# 1-0